| 000 | 00904nam a2200265 4500 | ||
|---|---|---|---|
| 001 | 25465 | ||
| 003 | BD-RjUL | ||
| 005 | 20211209050901.0 | ||
| 008 | 140318s1968 iluab 000 0 eng d | ||
| 035 | _a(OCoLC)ocm01016037 | ||
| 035 | _a(BD-RjUL)25535 | ||
| 040 |
_aTOL _cTOL _dOCL _dZCU _dChina...Description and travel. _beng |
||
| 041 | _aeng | ||
| 082 | 0 | 4 |
_219 _a915.10457 _bLAC 1968 |
| 100 | 1 |
_aLach, Donald F. _q(Donald Frederick), _d1917- _977437 |
|
| 245 | 1 | 0 |
_aChina in the eyes of Europe : _bthe sixteenth century / _cby Donald F. Lach. |
| 250 | _a1st phoenix ed. | ||
| 260 |
_aChicago : _bUniversity of Chicago Press, _cc1968. |
||
| 300 |
_a730-821 p. : _billus., maps. _c21 cm. |
||
| 490 | 1 |
_aPhoenix books ; _vP296 |
|
| 504 | _aIncludes bibliographical references. | ||
| 651 | 0 |
_aChina _xDescription and travel. _978311 |
|
| 830 | 0 |
_aPhoenix books (Chicago, Ill.) ; _978320 |
|
| 942 |
_2ddc _cBK |
||
| 999 |
_c25465 _d25465 |
||